000 00566nam a2200205Ia 4500
003 GCL
008 140319s9999 xx 000 0 eng d
040 _aGCL /
_cGCL
082 0 4 _aCC
_b932.014
_bM T
100 1 _aMCDONALD, JOHN K
245 1 0 _aTHE TOMB OF NEFERTARI: HOUSE OF ETERNITY /
_cMCDONALD, JOHN K
260 _a[S.N] :
_bTHE AMERICAN UNIVERSITY IN CAIRO PRESS ،
_c1996
300 _a116 P
650 0 4 _aANCIENT EGYPT - TOMBS
650 0 4 _aNEFERTARI
650 0 4 _aHISTORY
650 0 4 _aEGYPT - QUEENS
650 0 4 _aEGYPT - TOMBS
942 _2ddc
_cBK
999 _c14436
_d14436